Представление документа в формате RUSMARC

ПолеНазваниеЗначение
  Тип записи a
  Библиографический уровень a
001 Контрольный номер RU/CBS_UL/BASE/1c6f94e60a1c42fcb0e3dc217fd6e6ba
005 Дата корректировки 20260309013720.8
100 Данные общей обработки __
a Данные общей обработки 20260309 ||| 0rusy0189 ca
101 Язык документа 0_
a Язык текста rus
102 Страна публикации __
a Страна публикации RU
200 Заглавие и сведения об ответственности 1_
a Заглавие Образ Победы. Одна на всех
e Сведения, относящиеся к заглавию [Великая Отечественная война в искусстве]
f Первые сведения об ответственности К. Васильева
300 Общие примечания __
a Общие примечания 6+
461 Уровень набора _0
1 2000
a Эскиз
463 Уровень физической единицы _0
1 2000
a № 5
v С. 2-3 : ил.
1 2101
d 2025
1 001RU/CBS_UL/BASE/bab57ecf394a4a2b915e8dd0e797a5d1
606 Тематические рубрики 0_
a Основная рубрика Великая Отечественная война - 1941-1945 - Искусство
610 Ключевые слова 0_
a Ключевые слова войны, ВОВ, война Великая Отечественная, Великая Отечественная война, ВОВ в искусстве, Победа в ВОВ, образ Победы
686 Индексы других классификаций __
2 Код системы rubbk
a Классификационный индекс 63.3(3)622
700 Автор _1
a Фамилия Васильева
b Имя (инициалы) К.
801 Источник записи _0
a Страна RU
b Организация МБУК ЦБС г. Ульяновска
c Дата составления 20260309
g Правила каталогизации RCR
801 Источник записи _1
a Страна RU
b Организация МБУК ЦБС г. Ульяновска
c Дата составления 20260309
g Правила каталогизации RCR
901 Тип документа __
t Тип документа b
w Контрольный № источника RU/CBS_UL/BASE/bab57ecf394a4a2b915e8dd0e797a5d1
909 Создатель записи __
a Создатель записи lib1